Espartero, su vida militar, política, descriptiva y anecdótica / (Record no. 102822)

MARC details
000 -LEADER
campo de control de longitud fija 00673nam a2200217 i 4500
001 - NÚMERO DE CONTROL
campo de control 102822
003 - IDENTIFICADOR DE NÚMERO DE CONTROL
campo de control ES-MaACL
005 - FECHA Y HORA DE LA ÚLTIMA TRANSACCIÓN
campo de control 20251001142818.0
007 - CAMPO FIJO DE DESCRIPCIÓN FÍSICA--INFORMACIÓN GENERAL
campo de control de longitud fija t|
008 - DATOS DE LONGITUD FIJA--INFORMACIÓN GENERAL
campo de control de longitud fija 051213q18601880sp ||||1| spa d
080 ## - NÚMERO DE LA CLASIFICACIÓN DECIMAL UNIVERSAL
Número de la Clasificación Decimal Universal 929 Espartero, Baldomero
080 ## - NÚMERO DE LA CLASIFICACIÓN DECIMAL UNIVERSAL
Número de la Clasificación Decimal Universal 9(460)"18"
245 00 - MENCIÓN DEL TÍTULO
Título Espartero, su vida militar, política, descriptiva y anecdótica /
Mención de responsabilidad, etc. por D. M. H. y D. J. T.
250 ## - MENCION DE EDICION
Mención de edición Nueva edición.
260 ## - PUBLICACIÓN, DISTRIBUCIÓN, ETC.
Lugar de publicación, distribución, etc. Barcelona :
Nombre del editor, distribuidor, etc. Espasa Hermanos,
Fecha de publicación, distribución, etc. [187-?]
300 ## - DESCRIPCIÓN FÍSICA
Extensión 2 v. :
Otras características físicas il. ;
Dimensiones 24 cm.
600 14 - PUNTO DE ACCESO ADICIONAL DE MATERIA--NOMBRE DE PERSONA
Nombre de persona Espartero, Baldomero,
Fechas asociadas al nombre 1793-1879
9 (RLIN) 47778
651 #7 - PUNTO DE ACCESO ADICIONAL DE MATERIA--NOMBRE GEOGRÁFICO
Nombre geográfico España-
Subdivisión general Historia-
Subdivisión cronológica S.XIX
Fuente del encabezamiento o término
9 (RLIN) 142005
852 ## - LOCALIZACIÓN
Ubicación ES-MaACL
Número de control de estantería F-1223-24
Holdings
Estatus retirado Estado de pérdida Estado de daño No para préstamo Colección Biblioteca de origen Biblioteca actual Ubicación en estantería Fecha de adquisición Fuente de adquisición Total de préstamos Signatura topográfica completa Código de barras Visto por última vez Precio de reemplazo Tipo de ítem Koha
        Libros del s. XIX Biblioteca del Ateneo de Madrid Biblioteca del Ateneo de Madrid Depósito 2 17/01/2008     F-1223-24 1107339 23/02/2023 23/02/2023 Libro impreso antiguo